000 01035nam a2200241 a 4500
001 58883
003 BD-RjUL
005 20211209080652.0
008 161220s1977 bg ||||| |||| 00| 0 ben d
035 _a(BD-RjUL)59007
040 _aBD-RjUL
_bben
_cBD-RjUL
041 _aben
082 _223
_a781.620954927
_bHAS 1977
245 1 0 _aহাছন রাজার গান ও সিলেটের লোক-সংগীত /
_cসংগ্রহ ও স্বরলিপি কাজী নাসির
260 _aঢাকা :
_bরোজী চৌধুরী,
_c১৯৭৭
300 _a৭৬ পৃ. ;
_c১৯ সেমি.
490 _aলোক সংগীত সংরক্ষণ গ্রন্থ ;
_v
650 _aলোক সংগীত
_zসিলেট
_9175098
650 _aFolk Music
_zSylhet
_9175099
700 _aনাসির , কাজী, সংগ্রাহক
_9175100
830 _aলোক সংগীত সংরক্ষণ গ্রন্থ ;
_v
_9175101
942 _2ddc
_cBK
999 _c58883
_d58883